UGC-NET Computer Science and Application Previous Solved Papers (Record no. 12105)

MARC details
000 -LEADER
fixed length control field 00419nam a22001697a 4500
003 - CONTROL NUMBER IDENTIFIER
control field OSt
008 - FIXED-LENGTH DATA ELEMENTS--GENERAL INFORMATION
fixed length control field 231016b |||||||| |||| 00| 0 eng d
020 ## - INTERNATIONAL STANDARD BOOK NUMBER
International Standard Book Number 9789393165695
082 ## - DEWEY DECIMAL CLASSIFICATION NUMBER
Classification number 004 MAU
100 ## - MAIN ENTRY--PERSONAL NAME
Personal name Made Easy
245 ## - TITLE STATEMENT
Title UGC-NET Computer Science and Application Previous Solved Papers
250 ## - EDITION STATEMENT
Edition statement Ed
260 ## - PUBLICATION, DISTRIBUTION, ETC. (IMPRINT)
Place of publication, distribution, etc New Delhi
Name of publisher, distributor, etc Made Easy
Date of publication, distribution, etc 2022
300 ## - PHYSICAL DESCRIPTION
Extent 593
650 ## - SUBJECT ADDED ENTRY--TOPICAL TERM
Topical term or geographic name as entry element Competation
942 ## - ADDED ENTRY ELEMENTS (KOHA)
Source of classification or shelving scheme Dewey Decimal Classification
Koha item type Reference Books
Holdings
Withdrawn status Lost status Source of classification or shelving scheme Damaged status Not for loan Collection code Home library Current library Date acquired Source of acquisition Currency Cost, normal purchase price Bill Number Total Checkouts Full call number Acc. no. / Barcode Date last seen Actual Cost, discounted price Bill Date Koha item type Checked out Date last borrowed
    Dewey Decimal Classification     MCA PIET C-LIBRARY PIET C-LIBRARY 30/09/2023 Kirti Prakashan In rupees 825.00 IN1019   004 MAU 35077 16/10/2023 552.75 30/09/2023 Reference Books    
    Dewey Decimal Classification     MCA PIET C-LIBRARY PIET C-LIBRARY 30/09/2023 Kirti Prakashan In rupees 825.00 IN1019 5 004 MAU 35078 04/11/2025 552.75 30/09/2023 Text Books 25/05/2026 04/11/2025

Design & Developed by: PIET Central Library
R70 Miles Stone Pattikalyana Samalkha Panipat 132102
mail ID :- [email protected], Phone No:- 0180-2569700 Ex.216